Textos jurídico - políticos
Gorde:
| Egile nagusia: | |
|---|---|
| Formatua: | Liburua |
| Hizkuntza: | Undetermined |
| Argitaratua: |
Madrid, España
Instituto de Estudios políticos
1957
|
| Gaiak: | |
| Etiketak: |
Etiketa erantsi
Etiketarik gabe, Izan zaitez lehena erregistro honi etiketa jartzen!
|
MARC
| LEADER | 00000nam a2200000Ia 4500 | ||
|---|---|---|---|
| 008 | 170316s9999 xx 000 0 und d | ||
| 090 | |a 100 C-46.1t | ||
| 100 | |a Covarrubias y Leyva, Diego De | ||
| 245 | |a Textos jurídico - políticos | ||
| 260 | |a Madrid, España | ||
| 260 | |b Instituto de Estudios políticos | ||
| 260 | |c 1957 | ||
| 300 | |a 612 páginas | ||
| 650 | |a FILOSOFÍA | ||
| 650 | |a FILOSOFÍA POLÍTICA | ||
| 999 | |c 15938 |d 15938 | ||
| 040 | |a cru BVZT | ||
| 942 | |c 15 D |h 100 C-46.1t |2 z | ||
